000
00267cam a22000977a 4500
008
180718b1961 xxu||||| |||| 00| 0 eng d
082
_a
J703x5453 K45 1961 C.2
245
_a
Guruvayur township act,1961
260
_a
Trivandrum
_b
The Government Press
_c
1961
300
_a
4p.
999
_c
416278
_d
416278